000 00574nam a2200217Ia 4500
001 2946
003 GE_BSU
008 181216s||||||||xx |||||||||||||| ||und||
020 _a5856992035
040 _cGE_BSU
080 _a338.5(075.8)
100 _aЛипсиц,И.В.
245 _aКоммерческое ценообразование:
245 _bУчебник для вузов
260 _aМосква
260 _bБЕК
260 _c1997
300 _a368 ст.
653 _aКоммерческое ценообразование:
942 _cBK
999 _c36994
_d36994